00420 2200169 4500001002100000005001500021035002000036245003600056100001600092250001700108300003400125260003600159082000800195084001400203020002200217650001100239INLIS00000000000036020240605040345 a0010-06240000691 aPantang Menyerah /cToha Mohtar0 aToha Mohtar acetakan ke-3 aviii, 78 hlm :bilus ;c21 cm aJakarta :bBalai Pustaka,c2007 a813 a813 TOH p a978-979-407-249-4 4aCerpen